Sport en fonction du sportif n°2 - Statistiques

Statistiques générales
  • Ce quiz a été pris 75 fois
  • Le résultat moyen est 8 sur 16
Statistiques - réponses
Par images Réponse % Correct
Gymnastique
87%
Mma
81%
F1
74%
Rallye
73%
Biathlon
63%
Patinage artistique
63%
Surf
59%
Pétanque
56%
Boxe anglaise
54%
Karate
49%
Marathon
49%
Velo
49%
Bmx
27%
Équitation
26%
Ski de fond
7%
Bowling
3%
Aucun quiz correspondant
Distribution des résultats
% des personnes avec chaque résultat
Percentile par nombre de réponses
Votre historique - résultats
Vous n’avez pas pris ce quiz